000 00276nam a22001217a 4500
008 180921b xxu||||| |||| 00| 0 eng d
041 _aeng
080 _a701
100 _a45
101 _aART
245 _aThe Notebooks of Leonardo Da Vinci
_cRichter, J.P
942 _2udc
_cBK
999 _c48222
_d48222